000 00388cam a2200169ua 4500
003 OSt
008 241226b |||||||| |||| 00| 0 eng d
041 _aeng
082 _a551.48
_bVAR/EN
100 _aVarshney, RS .
_96631
245 _aEngineering hydrology /
250 _a3 /
260 _a :
_bNem Chand And Bros ,
_c1986.
300 _a1012 ; .
500 _a*CSS
942 _cBK
999 _c7262
_d7262